01265nab a22002417a 4500999001500000003000400015005001700019008004100036040000700077100003500084245009000119260007300209300001300282500007500295505029000370505008900660650003500749650002700784650003100811650003000842773013800872942001301010 c5638d5638OSt20251226211932.0190603e xxum|||| |||| 00| 0 spa d cPJ 96311aFurundarena, Mariano D. 13aEl juicio ejecutivo y los títulos ejecutivos electrónicos/cMariano Furundarena.  cCiudad Autónoma de Buenos Aires :aThomson Reuters La Ley, b2025. ap. 10-20 aCita: TR LALEY AR/DOC/1052/2025 Publicado en: RCCyC 2025 (junio) , 5. a Sumario: I. Introducción.— II. El juicio ejecutivo y el título ejecutivo.— III. Título ejecutivo electrónico.— IV. Ejecución de títulos ejecutivos electrónicos.— V. La ejecución de títulos ejecutivos electrónicos en la jurisprudencia.— VI. Conclusión.  t¿Te interesa el texto completo? Solicitalo al correo: koha@justierradelfuego.gov.ar 091497aCODIGO CIVIL Y COMERCIAL 092021aJUICIO EJECUTIVO 096228aTÍTULOS EJECUTIVOS 09286aCOMERCIO ELECTRONICO0 0271393170dCiudad Autónoma de Buenos Aires : Thomson Reuters La Ley, 2015-tRevista Código Civil y Comercial. Nº 3 - Junio 2025 2udccANA